<?xml version="1.0" encoding="UTF-8"?>
<record
    xmlns:xsi="http://www.w3.org/2001/XMLSchema-instance"
    xsi:schemaLocation="http://www.loc.gov/MARC21/slim http://www.loc.gov/standards/marcxml/schema/MARC21slim.xsd"
    xmlns="http://www.loc.gov/MARC21/slim">

  <leader>01235nam a22002655a 4500</leader>
  <controlfield tag="003">OSt</controlfield>
  <controlfield tag="005">20170207111835.0</controlfield>
  <controlfield tag="008">160922s2005    ua     frb    000 0 ara d</controlfield>
  <datafield tag="015" ind1=" " ind2=" ">
    <subfield code="a">2005 / 22279</subfield>
  </datafield>
  <datafield tag="020" ind1=" " ind2=" ">
    <subfield code="a">9770448303</subfield>
  </datafield>
  <datafield tag="040" ind1=" " ind2=" ">
    <subfield code="a">EG-ScBUE</subfield>
    <subfield code="b">ara</subfield>
    <subfield code="c">EG-ScBUE</subfield>
    <subfield code="d">EG-ScBUE</subfield>
  </datafield>
  <datafield tag="043" ind1=" " ind2=" ">
    <subfield code="a">f-ua---</subfield>
  </datafield>
  <datafield tag="082" ind1="0" ind2="4">
    <subfield code="a">342.62083</subfield>
    <subfield code="b">&#x632; &#x645; &#x632;</subfield>
    <subfield code="2">22</subfield>
  </datafield>
  <datafield tag="100" ind1="1" ind2=" ">
    <subfield code="a">&#x632;&#x645;&#x632;&#x645;&#x60C; &#x639;&#x628;&#x62F; &#x627;&#x644;&#x645;&#x646;&#x639;&#x645;.</subfield>
  </datafield>
  <datafield tag="245" ind1="1" ind2="0">
    <subfield code="a">&#x62C;&#x646;&#x633;&#x64A;&#x629; &#x623;&#x628;&#x646;&#x627;&#x621; &#x627;&#x644;&#x623;&#x645; &#x627;&#x644;&#x645;&#x635;&#x631;&#x64A;&#x629; :</subfield>
    <subfield code="b">&#x642;&#x631;&#x627;&#x631;&#x627;&#x62A; &#x648;&#x632;&#x64A;&#x631; &#x627;&#x644;&#x62F;&#x627;&#x62E;&#x644;&#x64A;&#x629; &#x648;&#x627;&#x644;&#x62A;&#x639;&#x62F;&#x64A;&#x644; &#x627;&#x644;&#x62A;&#x634;&#x631;&#x64A;&#x639;&#x64A; : &#x642;&#x631;&#x627;&#x631;&#x627;&#x62A; &#x648;&#x632;&#x64A;&#x631; &#x627;&#x644;&#x62F;&#x627;&#x62E;&#x644;&#x64A;&#x629; &#x627;&#x644;&#x633;&#x62A;&#x629; &#x639;&#x634;&#x631; &#x627;&#x644;&#x635;&#x627;&#x62F;&#x631;&#x629; &#x627;&#x633;&#x62A;&#x646;&#x627;&#x62F;&#x627; &#x644;&#x644;&#x645;&#x627;&#x62F;&#x629; &#x627;&#x644;&#x631;&#x627;&#x628;&#x639;&#x629; - &#x642;&#x631;&#x627;&#x631;&#x627;&#x62A; &#x648;&#x632;&#x64A;&#x631; &#x627;&#x644;&#x62F;&#x627;&#x62E;&#x644;&#x64A;&#x629; &#x627;&#x644;&#x633;&#x62A;&#x629; &#x639;&#x634;&#x631; &#x627;&#x644;&#x635;&#x627;&#x62F;&#x631;&#x629; &#x627;&#x633;&#x62A;&#x646;&#x627;&#x62F;&#x627; &#x644;&#x644;&#x645;&#x627;&#x62F;&#x629; &#x627;&#x644;&#x62E;&#x627;&#x645;&#x633;&#x629;... /</subfield>
    <subfield code="c">&#x639;&#x628;&#x62F; &#x627;&#x644;&#x645;&#x646;&#x639;&#x645; &#x632;&#x645;&#x632;&#x645;.</subfield>
  </datafield>
  <datafield tag="250" ind1=" " ind2=" ">
    <subfield code="a">&#x637;. 1.</subfield>
  </datafield>
  <datafield tag="260" ind1=" " ind2=" ">
    <subfield code="a">&#x627;&#x644;&#x642;&#x627;&#x647;&#x631;&#x629; :</subfield>
    <subfield code="b">&#x62F;&#x627;&#x631; &#x627;&#x644;&#x646;&#x647;&#x636;&#x629; &#x627;&#x644;&#x639;&#x631;&#x628;&#x64A;&#x629;&#x60C;</subfield>
    <subfield code="c">2005.</subfield>
  </datafield>
  <datafield tag="300" ind1=" " ind2=" ">
    <subfield code="a">340 &#x635;. &#x61B;</subfield>
    <subfield code="c">24 &#x633;&#x645;.</subfield>
  </datafield>
  <datafield tag="504" ind1=" " ind2=" ">
    <subfield code="a">&#x64A;&#x634;&#x62A;&#x645;&#x644; &#x639;&#x644;&#x649; &#x625;&#x631;&#x62C;&#x627;&#x639;&#x627;&#x62A; &#x628;&#x628;&#x644;&#x64A;&#x648;&#x62C;&#x631;&#x627;&#x641;&#x64A;&#x629;.</subfield>
  </datafield>
  <datafield tag="650" ind1=" " ind2="7">
    <subfield code="a">&#x627;&#x644;&#x62C;&#x646;&#x633;&#x64A;&#x629; </subfield>
    <subfield code="x">&#x642;&#x648;&#x627;&#x646;&#x64A;&#x646; &#x648;&#x62A;&#x634;&#x631;&#x64A;&#x639;&#x627;&#x62A;</subfield>
    <subfield code="z">&#x645;&#x635;&#x631;.</subfield>
    <subfield code="2">BUEsh</subfield>
    <subfield code="9">41044</subfield>
  </datafield>
  <datafield tag="650" ind1=" " ind2="7">
    <subfield code="a">&#x627;&#x644;&#x645;&#x648;&#x627;&#x637;&#x646;&#x629;</subfield>
    <subfield code="x">&#x642;&#x648;&#x627;&#x646;&#x64A;&#x646; &#x648;&#x62A;&#x634;&#x631;&#x64A;&#x639;&#x627;&#x62A;</subfield>
    <subfield code="z">&#x645;&#x635;&#x631;.</subfield>
    <subfield code="2">BUEsh</subfield>
  </datafield>
  <datafield tag="651" ind1=" " ind2=" ">
    <subfield code="2">BUEsh</subfield>
  </datafield>
  <datafield tag="653" ind1=" " ind2=" ">
    <subfield code="b">LLAAWW</subfield>
    <subfield code="c">February2017</subfield>
  </datafield>
  <datafield tag="942" ind1=" " ind2=" ">
    <subfield code="2">ddc</subfield>
  </datafield>
  <datafield tag="999" ind1=" " ind2=" ">
    <subfield code="c">24058</subfield>
    <subfield code="d">24030</subfield>
  </datafield>
  <datafield tag="952" ind1=" " ind2=" ">
    <subfield code="0">0</subfield>
    <subfield code="1">0</subfield>
    <subfield code="2">ddc</subfield>
    <subfield code="4">0</subfield>
    <subfield code="7">0</subfield>
    <subfield code="8">DarN.AR.</subfield>
    <subfield code="a">MAIN</subfield>
    <subfield code="b">MAIN</subfield>
    <subfield code="c">1ST</subfield>
    <subfield code="d">2017-02-01</subfield>
    <subfield code="e">Purchase</subfield>
    <subfield code="g">40.00</subfield>
    <subfield code="h">2815</subfield>
    <subfield code="o">342.62083 &#x632; &#x645; &#x632;</subfield>
    <subfield code="p">000045371</subfield>
    <subfield code="r">2025-10-26 00:00:00</subfield>
    <subfield code="s">2025-04-27</subfield>
    <subfield code="v">50.00</subfield>
    <subfield code="y">BB</subfield>
  </datafield>
  <datafield tag="952" ind1=" " ind2=" ">
    <subfield code="0">0</subfield>
    <subfield code="1">0</subfield>
    <subfield code="2">ddc</subfield>
    <subfield code="4">0</subfield>
    <subfield code="7">0</subfield>
    <subfield code="8">DarN.AR.</subfield>
    <subfield code="a">MAIN</subfield>
    <subfield code="b">MAIN</subfield>
    <subfield code="c">1ST</subfield>
    <subfield code="d">2017-02-01</subfield>
    <subfield code="e">Purchase</subfield>
    <subfield code="g">40.00</subfield>
    <subfield code="h">2815</subfield>
    <subfield code="o">342.62083 &#x632; &#x645; &#x632;</subfield>
    <subfield code="p">000045372</subfield>
    <subfield code="r">2025-07-15 00:00:00</subfield>
    <subfield code="s">2023-03-12</subfield>
    <subfield code="v">50.00</subfield>
    <subfield code="y">BB</subfield>
  </datafield>
</record>
